[Event "21. Open Cappelle la Grande"]
[Site "Cappelle la Grande FRA"]
[Date "2005.02.12"]
[Round "1"]
[White "Rendle, Thomas"]
[Black "Fedorchuk, Sergey A"]
[Result "1/2-1/2"]
[WhiteElo "2370"]
[BlackElo "2570"]
[PlyCount "60"]
[EventDate "2005.02.12"]
[EventType "swiss"]
[EventRounds "9"]
[EventCountry "FRA"]
[Source "lmi"]
[SourceDate "2005.02.18"]

1. f4 d5 2. Nf3 g6 3. g3 Bg7 4. Bg2 c5 5. O-O Nc6 6. d3 Nf6 7. c3 Qc7 8. Na3
O-O 9. Qe1 Bf5 10. h3 e5 11. fxe5 Nxe5 12. Nxe5 Qxe5 13. Bf4 Qe7 14. g4 Be6 15.
Qh4 Qd7 16. Bg5 Ne8 17. Be7 Nd6 18. Bxf8 Rxf8 19. e4 dxe4 20. dxe4 Qa4 21. Rfe1
Be5 22. Qg5 f6 23. Qe3 b6 24. Bf3 Nf7 25. Be2 a6 26. Nb1 Qc2 27. Qd2 Qxe4 28.
Bd3 Qf3 29. Qe3 Ng5 30. Bf1 Bd5 1/2-1/2

[Event "21. Open Cappelle la Grande"]
[Site "Cappelle la Grande FRA"]
[Date "2005.02.12"]
[Round "1"]
[White "Simon, Olivier"]
[Black "Kasparov, Sergey"]
[Result "1/2-1/2"]
[WhiteElo "2289"]
[BlackElo "2464"]
[PlyCount "64"]
[EventDate "2005.02.12"]
[EventType "swiss"]
[EventRounds "9"]
[EventCountry "FRA"]
[Source "lmi"]
[SourceDate "2005.02.18"]

1. e4 c6 2. d4 d5 3. Nd2 dxe4 4. Nxe4 Bf5 5. Ng3 Bg6 6. h4 h6 7. Nf3 Nd7 8. h5
Bh7 9. Bd3 Bxd3 10. Qxd3 e6 11. Bf4 Bb4+ 12. c3 Be7 13. O-O-O Ngf6 14. Kb1 O-O
15. Ne5 Qa5 16. Ne4 Rad8 17. Nxf6+ Bxf6 18. Qe4 Nxe5 19. dxe5 Be7 20. g4 Rxd1+
21. Rxd1 Rd8 22. Rxd8+ Qxd8 23. Qd4 Qxd4 24. cxd4 f5 25. exf6 Bxf6 26. Be5 Kf7
27. f4 Be7 28. Kc2 g6 29. Kd3 gxh5 30. gxh5 b5 31. Ke4 a6 32. Bc7 Kf6 1/2-1/2

[Event "21. Open Cappelle la Grande"]
[Site "Cappelle la Grande FRA"]
[Date "2005.02.12"]
[Round "1"]
[White "Smolen, Jan"]
[Black "Shchekachev, Andrei"]
[Result "1/2-1/2"]
[WhiteElo "2356"]
[BlackElo "2559"]
[PlyCount "54"]
[EventDate "2005.02.12"]
[EventType "swiss"]
[EventRounds "9"]
[EventCountry "FRA"]
[Source "lmi"]
[SourceDate "2005.02.18"]

1. e4 c5 2. Nf3 e6 3. d4 cxd4 4. Nxd4 a6 5. Bd3 Bc5 6. Nb3 Be7 7. O-O d6 8. Nc3
Nf6 9. Qe2 Nbd7 10. f4 Qc7 11. Bd2 O-O 12. Rae1 e5 13. g4 exf4 14. g5 Ne8 15.
Nd5 Qd8 16. h4 g6 17. Rxf4 Ng7 18. Nd4 Ne5 19. Bc3 Nh5 20. Rf2 Bg4 21. Qd2 Rb8
22. Be2 Re8 23. Bxg4 Nxg4 24. Ba5 Qd7 25. Nb6 Qd8 26. Nd5 Qd7 27. Nb6 Qd8
1/2-1/2

[Event "21. Open Cappelle la Grande"]
[Site "Cappelle la Grande FRA"]
[Date "2005.02.12"]
[Round "1"]
[White "Spraggett, Kevin"]
[Black "Spoelman, Wouter"]
[Result "1/2-1/2"]
[WhiteElo "2589"]
[BlackElo "2381"]
[PlyCount "93"]
[EventDate "2005.02.12"]
[EventType "swiss"]
[EventRounds "9"]
[EventCountry "FRA"]
[Source "lmi"]
[SourceDate "2005.02.18"]

1. e4 c5 2. Nf3 d6 3. d4 cxd4 4. Nxd4 Nf6 5. Nc3 a6 6. Be2 e5 7. Nb3 Be7 8. O-O
O-O 9. Re1 Be6 10. Bf1 Nbd7 11. Nd5 Nxd5 12. exd5 Bf5 13. a4 Rc8 14. c3 a5 15.
Bb5 Bf6 16. Be3 e4 17. Nd4 Bg6 18. Bxd7 Qxd7 19. Nb5 Rfe8 20. Bf4 Be5 21. Bg3
Qf5 22. Bxe5 Qxe5 23. Qd2 f5 24. f4 e3 25. fxe5 exd2 26. Red1 Rxe5 27. Rxd2 Rc5
28. Nxd6 Rcxd5 29. Rxd5 Rxd5 30. Nxb7 Be8 31. b4 axb4 32. cxb4 Rd2 33. b5 Bf7
34. a5 Bd5 35. a6 Rxg2+ 36. Kf1 Rxh2 37. Rd1 Bc4+ 38. Kg1 Ra2 39. Nd6 Bxb5 40.
Nxb5 Rxa6 41. Rd7 h6 42. Kf2 Re6 43. Nd6 Kf8 44. Kf3 g6 45. Kf4 Re7 46. Rxe7
Kxe7 47. Nxf5+ 1/2-1/2

[Event "21. Open Cappelle la Grande"]
[Site "Cappelle la Grande FRA"]
[Date "2005.02.12"]
[Round "1"]
[White "Vysochin, Spartak"]
[Black "Kernazhitsky, Leonid"]
[Result "1/2-1/2"]
[WhiteElo "2579"]
[BlackElo "2377"]
[PlyCount "103"]
[EventDate "2005.02.12"]
[EventType "swiss"]
[EventRounds "9"]
[EventCountry "FRA"]
[Source "lmi"]
[SourceDate "2005.02.18"]

1. e4 c5 2. c3 Nf6 3. e5 Nd5 4. Nf3 e6 5. Bc4 Nb6 6. Bb3 Nc6 7. d4 cxd4 8. cxd4
d6 9. exd6 Bxd6 10. Nc3 O-O 11. O-O Be7 12. Be3 Nd5 13. Rc1 Nxc3 14. bxc3 b6
15. Qd3 Bb7 16. Bc2 g6 17. Bh6 Re8 18. Rfe1 Bf6 19. Nd2 Na5 20. Qg3 Rc8 21. Bf4
Bh4 22. Qe3 Nc4 23. Nxc4 Rxc4 24. Bb3 Rc8 25. c4 Bf6 26. Red1 Qe7 27. h3 Red8
28. Be5 Bg5 29. f4 Bh6 30. d5 f6 31. Bb2 e5 32. d6 Qd7 33. c5+ Kh8 34. Qf2 Bxf4
35. Qxf4 exf4 36. Bxf6+ Qg7 37. Bxg7+ Kxg7 38. cxb6 axb6 39. Rxc8 Bxc8 40. Rc1
Bd7 41. Kf2 Kf6 42. Kf3 g5 43. h4 h6 44. hxg5+ hxg5 45. g3 fxg3 46. Kxg3 Ke5
47. Rd1 Rh8 48. Rd5+ Kf6 49. Rd4 Rh3+ 50. Kf2 Rc3 51. Rb4 Rc6 52. Ba4 1/2-1/2

[Event "21. Open Cappelle la Grande"]
[Site "Cappelle la Grande FRA"]
[Date "2005.02.12"]
[Round "1"]
[White "Zhang Pengxiang"]
[Black "Ushenina, Anna"]
[Result "1/2-1/2"]
[WhiteElo "2560"]
[BlackElo "2357"]
[PlyCount "72"]
[EventDate "2005.02.12"]
[EventType "swiss"]
[EventRounds "9"]
[EventCountry "FRA"]
[Source "lmi"]
[SourceDate "2005.02.18"]

1. e4 c6 2. d4 d5 3. f3 e6 4. Nc3 Qb6 5. Qd3 Nf6 6. Nge2 Be7 7. b3 dxe4 8. Nxe4
Nbd7 9. Bb2 O-O 10. O-O-O a5 11. N2c3 Qc7 12. a4 b6 13. Qd2 Ba6 14. Bxa6 Rxa6
15. Kb1 Rb8 16. Qe2 Raa8 17. Rhe1 Bb4 18. Rf1 Nd5 19. f4 Re8 20. Qf3 f5 21.
Nxd5 cxd5 22. Nf2 Nf6 23. g3 Rab8 24. Qd3 Rec8 25. c3 Bf8 26. Qb5 Ne8 27. Qe2
Qd6 28. c4 Nf6 29. Rc1 Rc6 30. Qe5 Rbc8 31. cxd5 exd5 32. Rxc6 Rxc6 33. Rc1
Rxc1+ 34. Bxc1 Kf7 35. Kc2 Ng8 36. Kd3 Qd8 1/2-1/2

[Event "21. Open Cappelle la Grande"]
[Site "Cappelle la Grande FRA"]
[Date "2005.02.12"]
[Round "1"]
[White "Zozulia, Anna"]
[Black "Edouard, Romain"]
[Result "1/2-1/2"]
[WhiteElo "2411"]
[BlackElo "2221"]
[PlyCount "50"]
[EventDate "2005.02.12"]
[EventType "swiss"]
[EventRounds "9"]
[EventCountry "FRA"]
[Source "lmi"]
[SourceDate "2005.02.18"]

1. e4 c5 2. Nf3 d6 3. d4 cxd4 4. Nxd4 Nf6 5. Nc3 g6 6. Be2 Bg7 7. O-O O-O 8.
Nb3 Nc6 9. Kh1 Be6 10. f4 a5 11. a4 Rc8 12. f5 Bd7 13. Bg5 Ne5 14. Bxf6 Bxf6
15. Nd5 Bg7 16. Qd2 Nc4 17. Qg5 Re8 18. Bg4 e6 19. Qxd8 Rcxd8 20. fxg6 hxg6 21.
Nf6+ Bxf6 22. Rxf6 Bc6 23. Be2 Nb6 24. Nxa5 Bxe4 25. Bb5 Re7 1/2-1/2

[Event "21. Open Cappelle la Grande"]
[Site "Cappelle la Grande FRA"]
[Date "2005.02.12"]
[Round "1"]
[White "Ciuksyte, Dagne"]
[Black "Malakhatko, Vadim"]
[Result "0-1"]
[WhiteElo "2360"]
[BlackElo "2569"]
[PlyCount "80"]
[EventDate "2005.02.12"]
[EventType "swiss"]
[EventRounds "9"]
[EventCountry "FRA"]
[Source "lmi"]
[SourceDate "2005.02.18"]

1. e4 e6 2. d4 d5 3. Nd2 c5 4. exd5 Qxd5 5. Ngf3 cxd4 6. Bc4 Qd6 7. O-O Nf6 8.
Nb3 Nc6 9. Nbxd4 Nxd4 10. Nxd4 a6 11. Bd3 Bd7 12. Nf3 Qc7 13. Re1 Bd6 14. Qe2
Nd5 15. a3 Nf4 16. Bxf4 Bxf4 17. Ne5 Bxe5 18. Qxe5 Qxe5 19. Rxe5 Bc6 20. Rd1
O-O-O 21. Ree1 g5 22. f3 h5 23. Kf2 h4 24. c4 Ba4 25. Rd2 Rd6 26. Rb1 Rhd8 27.
Ke3 Bc2 28. Rxc2 Rxd3+ 29. Ke2 R8d4 30. c5 Kc7 31. b3 e5 32. Rbb2 Kc6 33. a4 a5
34. b4 axb4 35. Rxb4 Rxb4 36. Kxd3 Rd4+ 37. Ke3 f5 38. a5 Ra4 39. Rb2 Rxa5 40.
Rb6+ Kxc5 0-1

[Event "21. Open Cappelle la Grande"]
[Site "Cappelle la Grande FRA"]
[Date "2005.02.12"]
[Round "1"]
[White "Draoui, Najib"]
[Black "Baklan, Vladimir"]
[Result "0-1"]
[WhiteElo "2377"]
[BlackElo "2578"]
[PlyCount "70"]
[EventDate "2005.02.12"]
[EventType "swiss"]
[EventRounds "9"]
[EventCountry "FRA"]
[Source "lmi"]
[SourceDate "2005.02.18"]

1. e4 c5 2. Nf3 d6 3. d4 cxd4 4. Nxd4 Nf6 5. Nc3 Nc6 6. Bg5 e6 7. Qd2 a6 8. f3
Bd7 9. O-O-O h6 10. Be3 b5 11. Nb3 Qc7 12. Qf2 Rb8 13. Kb1 Ne5 14. g4 b4 15.
Ne2 a5 16. Ng3 a4 17. Nd4 d5 18. Bf4 g5 19. Bc1 dxe4 20. Nxe4 Nxe4 21. fxe4
Nxg4 22. Qf3 Ne5 23. Qh5 Bg7 24. Be2 Ng6 25. Rhf1 O-O 26. Bg4 Rbc8 27. Rxf7
Rxf7 28. Qxg6 Rf6 29. Qh5 Be8 30. Qh3 Bf7 31. e5 Qxe5 32. Qd3 Qd5 33. Qa6 Ra8
34. Qb6 e5 35. Ne6 Rxe6 0-1

[Event "21. Open Cappelle la Grande"]
[Site "Cappelle la Grande FRA"]
[Date "2005.02.12"]
[Round "1"]
[White "Foisor, Ovidiu Doru"]
[Black "Socko, Bartosz"]
[Result "0-1"]
[WhiteElo "2381"]
[BlackElo "2591"]
[PlyCount "80"]
[EventDate "2005.02.12"]
[EventType "swiss"]
[EventRounds "9"]
[EventCountry "FRA"]
[Source "lmi"]
[SourceDate "2005.02.18"]

1. d4 Nf6 2. c4 g6 3. Nc3 Bg7 4. e4 d6 5. f3 O-O 6. Be3 a6 7. Qd2 Nbd7 8. Nh3
c5 9. Nf2 Qa5 10. Rc1 Rb8 11. d5 b5 12. b3 Ne5 13. Be2 bxc4 14. bxc4 Rb4 15.
Ncd1 Qc7 16. Bh6 Bxh6 17. Qxh6 Bd7 18. f4 Neg4 19. Bxg4 Bxg4 20. Ne3 Rb2 21.
O-O Be2 22. Rfe1 Rxa2 23. Qg5 Rb8 24. e5 dxe5 25. fxe5 Nh5 26. Ne4 h6 27. d6
exd6 28. Qxh6 dxe5 29. Nd5 Qd8 30. Ng5 Nf6 31. Rf1 Bxf1 32. Rxf1 Qxd5 33. cxd5
Rb6 34. h3 c4 35. Rxf6 Rxf6 36. Qh7+ Kf8 37. Ne4 Rf5 38. d6 Ra1+ 39. Kh2 Rh5
40. d7 Rd1 0-1

[Event "21. Open Cappelle la Grande"]
[Site "Cappelle la Grande FRA"]
[Date "2005.02.12"]
[Round "1"]
[White "Foisor, Sabina Francesca"]
[Black "Vovk, Yuri"]
[Result "0-1"]
[WhiteElo "2229"]
[BlackElo "2420"]
[PlyCount "82"]
[EventDate "2005.02.12"]
[EventType "swiss"]
[EventRounds "9"]
[EventCountry "FRA"]
[Source "lmi"]
[SourceDate "2005.02.18"]

1. d4 Nf6 2. c4 c5 3. d5 e6 4. Nc3 exd5 5. cxd5 d6 6. e4 g6 7. f3 Bg7 8. Be3
O-O 9. Qd2 Re8 10. a4 Na6 11. Nge2 Nb4 12. Na2 Nfxd5 13. Bg5 Qa5 14. Nxb4 Nxb4
15. Nc3 a6 16. Rc1 Be6 17. Be2 Bd4 18. Be3 Bxe3 19. Qxe3 d5 20. Qd2 d4 21. Nb1
Rac8 22. O-O Qxa4 23. f4 Bb3 24. Bg4 Rc7 25. f5 Rxe4 26. Qg5 Qe8 27. Nd2 Re3
28. f6 Bd5 29. Bf3 Re5 30. Qh6 Qf8 31. Qh3 Rc6 32. Qg3 Rce6 33. Qg4 h6 34. Qh4
g5 35. Qh5 Rxf6 36. Bxd5 Nxd5 37. Nc4 Ree6 38. Rxf6 Rxf6 39. Ne5 Nf4 40. Qg4
Re6 41. Re1 f6 0-1

[Event "21. Open Cappelle la Grande"]
[Site "Cappelle la Grande FRA"]
[Date "2005.02.12"]
[Round "1"]
[White "Goldsztejn, Gildas"]
[Black "Stefansson, Hannes"]
[Result "0-1"]
[WhiteElo "2359"]
[BlackElo "2561"]
[PlyCount "84"]
[EventDate "2005.02.12"]
[EventType "swiss"]
[EventRounds "9"]
[EventCountry "FRA"]
[Source "lmi"]
[SourceDate "2005.02.18"]

1. d4 Nf6 2. c4 e6 3. Nc3 Bb4 4. Qc2 O-O 5. Nf3 c5 6. dxc5 Na6 7. Bd2 Nxc5 8.
a3 Bxc3 9. Bxc3 d6 10. e3 Bd7 11. b3 Rc8 12. Qb2 Nce4 13. Bxf6 Nxf6 14. Be2 b5
15. O-O bxc4 16. bxc4 Qc7 17. Rab1 Bc6 18. Nd4 Be4 19. Rbd1 a6 20. f3 Bg6 21.
Rc1 Rb8 22. Qc3 Qc5 23. Bd3 Rfc8 24. Bxg6 hxg6 25. Rc2 Rb6 26. Rfc1 Rcb8 27.
Qd3 e5 28. Ne2 Rb3 29. Rc3 Qxa3 30. c5 dxc5 31. Qd6 Re8 32. Kf2 e4 33. Rxb3
Qxb3 34. Rc3 Qa4 35. Rxc5 exf3 36. gxf3 Qh4+ 37. Qg3 Qb4 38. Qd6 a5 39. Qd4 Qb8
40. Rxa5 Qxh2+ 41. Ke1 Qg2 42. Ra1 Rb8 0-1

[Event "21. Open Cappelle la Grande"]
[Site "Cappelle la Grande FRA"]
[Date "2005.02.12"]
[Round "1"]
[White "Houdart, David"]
[Black "Shirazi, Kamran"]
[Result "0-1"]
[WhiteElo "2228"]
[BlackElo "2416"]
[PlyCount "78"]
[EventDate "2005.02.12"]
[EventType "swiss"]
[EventRounds "9"]
[EventCountry "FRA"]
[Source "lmi"]
[SourceDate "2005.02.18"]

1. Nf3 Nf6 2. c4 d6 3. d4 g6 4. Nc3 Nbd7 5. e4 e5 6. d5 Bg7 7. Be2 O-O 8. O-O
Nc5 9. Qc2 a5 10. Bg5 h6 11. Be3 Ng4 12. Bxc5 dxc5 13. Ne1 h5 14. Nd3 Qe7 15.
h3 Nh6 16. f3 f5 17. Nf2 Nf7 18. Rfd1 Bh6 19. d6 cxd6 20. Nd5 Qd8 21. exf5 gxf5
22. f4 h4 23. Ng4 Bg7 24. Nge3 exf4 25. Nxf5 Bxf5 26. Qxf5 Ne5 27. Qh5 f3 28.
Bxf3 Qe8 29. Qxe8 Nxf3+ 30. gxf3 Raxe8 31. Rd3 Re2 32. Rb1 Bxb2 33. Kf1 Rc2 34.
f4 a4 35. Re1 Rxc4 36. Rd2 a3 37. Rg2+ Kh8 38. Rg4 Rc1 39. Ne7 Rxe1+ 0-1

[Event "21. Open Cappelle la Grande"]
[Site "Cappelle la Grande FRA"]
[Date "2005.02.12"]
[Round "1"]
[White "Midoux, Sebastien"]
[Black "Kryvoruchko, Yuriy"]
[Result "0-1"]
[WhiteElo "2310"]
[BlackElo "2474"]
[PlyCount "66"]
[EventDate "2005.02.12"]
[EventType "swiss"]
[EventRounds "9"]
[EventCountry "FRA"]
[Source "lmi"]
[SourceDate "2005.02.18"]

1. d4 Nf6 2. c4 c5 3. d5 b5 4. Nf3 g6 5. cxb5 a6 6. b6 d6 7. Nc3 Nbd7 8. e4 Bg7
9. Be2 O-O 10. O-O Nxb6 11. h3 e6 12. dxe6 Bxe6 13. Qc2 d5 14. exd5 Nfxd5 15.
Nxd5 Qxd5 16. Rd1 Qb7 17. Qxc5 Rfc8 18. Qa5 Nc4 19. Bxc4 Bxc4 20. Ne5 Be6 21.
b3 Qb5 22. Qxb5 axb5 23. Bf4 g5 24. Bh2 Rc2 25. Rac1 Rcxa2 26. b4 h6 27. Nc6
Rb2 28. Rb1 Rxb1 29. Rxb1 Ra6 30. Na5 Bc3 31. Bc7 Ba2 32. Rc1 Bxb4 33. Nc6 Ba3
0-1

[Event "21. Open Cappelle la Grande"]
[Site "Cappelle la Grande FRA"]
[Date "2005.02.12"]
[Round "1"]
[White "Muzychuk, Anna"]
[Black "Kazhgaleyev, Murtas"]
[Result "0-1"]
[WhiteElo "2387"]
[BlackElo "2613"]
[PlyCount "148"]
[EventDate "2005.02.12"]
[EventType "swiss"]
[EventRounds "9"]
[EventCountry "FRA"]
[Source "lmi"]
[SourceDate "2005.02.18"]

1. e4 c5 2. Nf3 e6 3. c4 a6 4. Nc3 Qc7 5. Be2 d6 6. O-O Nf6 7. d4 cxd4 8. Nxd4
Be7 9. Be3 O-O 10. Qd2 b6 11. a4 Bb7 12. f3 Nbd7 13. a5 bxa5 14. Nb3 d5 15.
exd5 exd5 16. Nxa5 dxc4 17. Nxb7 Qxb7 18. Bxc4 Bc5 19. Bxc5 Nxc5 20. Nd5 Nfd7
21. b4 Ne6 22. Ne7+ Kh8 23. Bd5 Qb6+ 24. Qf2 Rab8 25. Qxb6 Rxb6 26. Bxe6 fxe6
27. Rfc1 Nb8 28. Rc4 Rb7 29. Nc8 h6 30. Re1 Rf6 31. Nd6 Rb6 32. Ne4 Rf7 33. Nc5
Re7 34. Rce4 Kg8 35. Nxe6 Nc6 36. Rc1 Re8 37. f4 Rxb4 38. Rxb4 Nxb4 39. f5 Kf7
40. Rc4 a5 41. Rg4 Rg8 42. Nc5 Rb8 43. Ne6 g5 44. Nc5 Kf6 45. Re4 Rb5 46. Rc4
Kxf5 47. h4 Nd5 48. hxg5 hxg5 49. Nd3 Nb6 50. g4+ Ke6 51. Rc7 Kd5 52. Kf2 a4
53. Re7 Kc4 54. Ke2 Kb3 55. Nc1+ Kc3 56. Rc7+ Kd4 57. Ra7 Rb2+ 58. Kd1 Ke3 59.
Re7+ Kf3 60. Nd3 Rb5 61. Kc2 Kxg4 62. Nf2+ Kg3 63. Ne4+ Kf4 64. Nf2 g4 65. Rf7+
Rf5 66. Nd3+ Kg5 67. Rg7+ Kh4 68. Rh7+ Rh5 69. Rf7 Rh6 70. Kd2 Kg3 71. Ke2 Re6+
72. Kf1 Nc4 73. Rf8 Nd2+ 74. Kg1 Re3 0-1

[Event "21. Open Cappelle la Grande"]
[Site "Cappelle la Grande FRA"]
[Date "2005.02.12"]
[Round "1"]
[White "Schmitt, Andre"]
[Black "Gonzalez Garcia, Jose"]
[Result "0-1"]
[WhiteElo "2296"]
[BlackElo "2470"]
[PlyCount "37"]
[EventDate "2005.02.12"]
[EventType "swiss"]
[EventRounds "9"]
[EventCountry "FRA"]
[Source "lmi"]
[SourceDate "2005.02.18"]

1. e4 e6 2. d4 d5 3. e5 c5 4. c3 Nc6 5. Nf3 Qb6 6. a3 Nh6 7. b4 cxd4 8. cxd4
Nf5 9. Bb2 Bd7 10. h4 h5 11. g3 Rc8 12. Be2 Na5 13. Nbd2 Nc4 14. Nxc4 dxc4 15.
Rc1 a5 16. Bxc4 Bxb4+ 17. Nd2 Be7 18. Rb1 Rxc4 19. Nxc4 0-1

[Event "21. Open Cappelle la Grande"]
[Site "Cappelle la Grande FRA"]
[Date "2005.02.12"]
[Round "1"]
[White "Sulskis, Sarunas"]
[Black "Saiboulatov, Danial"]
[Result "0-1"]
[WhiteElo "2564"]
[BlackElo "2359"]
[PlyCount "50"]
[EventDate "2005.02.12"]
[EventType "swiss"]
[EventRounds "9"]
[EventCountry "FRA"]
[Source "lmi"]
[SourceDate "2005.02.18"]

1. e4 e6 2. d4 d5 3. Nd2 Nf6 4. e5 Nfd7 5. c3 c5 6. f4 Nc6 7. Ndf3 Qb6 8. g3
cxd4 9. cxd4 Be7 10. h4 f6 11. a3 O-O 12. b4 fxe5 13. dxe5 a5 14. b5 Ncxe5 15.
fxe5 Nxe5 16. Ra2 Bc5 17. Bd3 Ng4 18. Ng5 Bf2+ 19. Kd2 e5 20. Bxh7+ Kh8 21. Kc2
Qxb5 22. a4 Qb4 23. Qxd5 Be6 24. Nxe6 Rac8+ 25. Kd3 Qc3+ 0-1

[Event "21. Open Cappelle la Grande"]
[Site "Cappelle la Grande FRA"]
[Date "2005.02.12"]
[Round "1"]
[White "Van der Stricht, Geert"]
[Black "Scetinin, Alexander"]
[Result "0-1"]
[WhiteElo "2425"]
[BlackElo "2237"]
[PlyCount "70"]
[EventDate "2005.02.12"]
[EventType "swiss"]
[EventRounds "9"]
[EventCountry "FRA"]
[Source "lmi"]
[SourceDate "2005.02.18"]

1. d4 Nf6 2. c4 c5 3. d5 b5 4. cxb5 a6 5. bxa6 Bxa6 6. Nc3 g6 7. Nf3 Bg7 8. g3
d6 9. Bg2 Nbd7 10. Rb1 O-O 11. O-O Qc7 12. b3 Rfb8 13. Bb2 Ng4 14. h3 Nge5 15.
Nd2 g5 16. Nce4 h6 17. f4 gxf4 18. gxf4 Ng6 19. Bxg7 Kxg7 20. Qe1 Rg8 21. f5
Nge5 22. f6+ exf6 23. Qh4 Bxe2 24. Rxf6 Nxf6 25. Qxf6+ Kh7 26. Nxd6 Rg6 27.
Qxe5 Qxd6 28. Qxd6 Rxd6 29. Be4+ f5 30. Bxf5+ Kh8 31. Be6 Ra7 32. Ne4 Rd8 33.
Rc1 Bf3 34. Nf2 Bxd5 35. Rd1 Rg7+ 0-1

[Event "21. Open Cappelle la Grande"]
[Site "Cappelle la Grande FRA"]
[Date "2005.02.13"]
[Round "2"]
[White "Raetsky, Alexander"]
[Black "Majdan, Joanna"]
[Result "1-0"]
[WhiteElo "2459"]
[BlackElo "2273"]
[PlyCount "93"]
[EventDate "2005.02.12"]
[EventType "swiss"]
[EventRounds "9"]
[EventCountry "FRA"]
[Source "lmi"]
[SourceDate "2005.02.18"]

1. d4 Nf6 2. c4 e6 3. g3 c5 4. Nf3 cxd4 5. Nxd4 Bb4+ 6. Nc3 Ne4 7. Qd3 Qa5 8.
Nb3 Nxc3 9. Nxa5 Ne4+ 10. Bd2 Bxd2+ 11. Qxd2 Nxd2 12. Kxd2 Nc6 13. Nb3 b6 14.
Bg2 Ba6 15. Nd4 Rc8 16. Nxc6 dxc6 17. Kc3 Ke7 18. b4 Rc7 19. a4 c5 20. b5 Bb7
21. Bxb7 Rxb7 22. a5 h5 23. h4 Rd8 24. Rhd1 Rbd7 25. Rxd7+ Rxd7 26. axb6 axb6
27. Ra8 Rb7 28. e4 Kf6 29. f4 g6 30. Rc8 Ra7 31. Kb3 Rd7 32. Rc6 Rd3+ 33. Ka4
Rc3 34. Rxb6 Rxc4+ 35. Ka5 Rxe4 36. Rc6 Re1 37. Rxc5 Ke7 38. Rc7+ Kd6 39. Rxf7
Rg1 40. b6 Rxg3 41. b7 Rb3 42. Ka6 Kc6 43. Ka7 Ra3+ 44. Kb8 Kd6 45. Kc8 Rc3+
46. Kd8 Rb3 47. Rd7+ 1-0

[Event "21. Open Cappelle la Grande"]
[Site "Cappelle la Grande FRA"]
[Date "2005.02.13"]
[Round "2"]
[White "Montheard, Xavier"]
[Black "Shengelia, Davit"]
[Result "0-1"]
[WhiteElo "2247"]
[BlackElo "2482"]
[PlyCount "72"]
[EventDate "2005.02.12"]
[EventType "swiss"]
[EventRounds "9"]
[EventCountry "FRA"]
[Source "lmi"]
[SourceDate "2005.02.18"]

1. e4 c5 2. Nf3 d6 3. d4 cxd4 4. Nxd4 Nf6 5. Nc3 Nc6 6. Bg5 e6 7. Qd2 Be7 8.
O-O-O Nxd4 9. Qxd4 a6 10. f4 O-O 11. Kb1 b5 12. Bxf6 Bxf6 13. e5 dxe5 14. Qe4
Qb6 15. Qxa8 Bb7 16. Rd6 Qxd6 17. Qxb7 b4 18. Ne2 exf4 19. Nc1 Qe5 20. Nd3 Rd8
21. Qxb4 Qe3 22. a3 f3 23. gxf3 Qxf3 24. Rg1 Qd1+ 25. Ka2 Bd4 26. Rg5 Qxf1 27.
Ra5 Bf6 28. Rxa6 Qg2 29. Qb3 Qxh2 30. a4 h5 31. a5 h4 32. Rc6 h3 33. a6 Qg2 34.
Qb6 Qd5+ 35. b3 h2 36. Nf2 Bd4 0-1

[Event "21. Open Cappelle la Grande"]
[Site "Cappelle la Grande FRA"]
[Date "2005.02.13"]
[Round "2"]
[White "Piot, Olivier"]
[Black "Szelag, Marcin"]
[Result "0-1"]
[WhiteElo "2226"]
[BlackElo "2474"]
[PlyCount "76"]
[EventDate "2005.02.12"]
[EventType "swiss"]
[EventRounds "9"]
[EventCountry "FRA"]
[Source "lmi"]
[SourceDate "2005.02.18"]

1. d4 Nf6 2. c4 g6 3. Nc3 Bg7 4. e4 d6 5. Nf3 O-O 6. Be2 e5 7. dxe5 dxe5 8.
Qxd8 Rxd8 9. Bg5 Rf8 10. Nd5 Nxd5 11. cxd5 c6 12. Bc4 b5 13. Bb3 Bb7 14. O-O-O
c5 15. h4 c4 16. Bc2 h6 17. Be3 Rc8 18. h5 g5 19. Ng1 Nd7 20. Ne2 f5 21. exf5
Nf6 22. Nc3 b4 23. Ne4 Nxd5 24. Rhe1 b3 25. Bb1 Nb4 26. a3 Nd3+ 27. Bxd3 cxd3+
28. Nc3 Bxg2 29. Rxd3 Be4 30. Rd7 a5 31. Rg1 Bxf5 32. Rb7 Rab8 33. Rb6 Bc2 34.
Rg4 e4 35. Rxb8 Rxb8 36. Nd5 Rd8 37. Nc3 Bxc3 38. bxc3 Rd1+ 0-1

[Event "21. Open Cappelle la Grande"]
[Site "Cappelle la Grande FRA"]
[Date "2005.02.13"]
[Round "2"]
[White "Gouliev, Namig"]
[Black "Gharamian, Tigran"]
[Result "1/2-1/2"]
[WhiteElo "2514"]
[BlackElo "2420"]
[PlyCount "32"]
[EventDate "2005.02.12"]
[EventType "swiss"]
[EventRounds "9"]
[EventCountry "FRA"]
[Source "lmi"]
[SourceDate "2005.02.18"]

1. e4 c5 2. Nf3 d6 3. d4 cxd4 4. Nxd4 Nf6 5. Nc3 a6 6. Be2 e5 7. Nb3 Be7 8. Bg5
Nbd7 9. a4 b6 10. O-O Bb7 11. Qd3 O-O 12. Rfd1 Rc8 13. Bf3 h6 14. Be3 Qc7 15.
Rd2 Qc4 16. Be2 Qxd3 1/2-1/2

[Event "21. Open Cappelle la Grande"]
[Site "Cappelle la Grande FRA"]
[Date "2005.02.13"]
[Round "2"]
[White "Klovans, Janis"]
[Black "Yrjola, Jouni"]
[Result "1-0"]
[WhiteElo "2477"]
[BlackElo "2401"]
[PlyCount "57"]
[EventDate "2005.02.12"]
[EventType "swiss"]
[EventRounds "9"]
[EventCountry "FRA"]
[Source "lmi"]
[SourceDate "2005.02.18"]

1. e4 c5 2. Nf3 Nc6 3. d4 cxd4 4. Nxd4 Nf6 5. Nc3 d6 6. Bg5 e6 7. Qd2 a6 8.
O-O-O Bd7 9. f4 Be7 10. Nf3 b5 11. Bxf6 gxf6 12. Kb1 Qb6 13. Bd3 b4 14. Ne2 a5
15. f5 a4 16. Nf4 Qc5 17. Rhe1 Ne5 18. fxe6 fxe6 19. Bf1 b3 20. cxb3 axb3 21.
a3 Kf7 22. Rc1 Qb6 23. Nd4 Rhc8 24. Be2 Rxc1+ 25. Rxc1 Qb7 26. Re1 Rc8 27. Bh5+
Ng6 28. Nfxe6 Bxe6 29. Qh6 1-0

[Event "21. Open Cappelle la Grande"]
[Site "Cappelle la Grande FRA"]
[Date "2005.02.13"]
[Round "2"]
[White "Scetinin, Alexander"]
[Black "Kuczynski, Robert"]
[Result "0-1"]
[WhiteElo "2237"]
[BlackElo "2475"]
[PlyCount "72"]
[EventDate "2005.02.12"]
[EventType "swiss"]
[EventRounds "9"]
[EventCountry "FRA"]
[Source "lmi"]
[SourceDate "2005.02.18"]

1. e4 c5 2. Nf3 d6 3. c3 Nf6 4. Bc4 e6 5. Qe2 Be7 6. O-O O-O 7. Bb3 b6 8. a4
Ba6 9. d3 Nc6 10. Na3 d5 11. e5 Nd7 12. Nb5 d4 13. Bf4 Bb7 14. Rfe1 Rc8 15. Ba2
a6 16. Na3 Re8 17. Bg3 Na5 18. Nc4 Nxc4 19. Bxc4 dxc3 20. bxc3 Qc7 21. Nd2 Qc6
22. Qe4 b5 23. axb5 axb5 24. Ra7 Qxe4 25. Nxe4 Bc6 26. Bb3 Ra8 27. Rc7 Ra6 28.
Kf1 Rea8 29. Nd6 Bd8 30. Rc8 Rxc8 31. Nxc8 Ra3 32. Rb1 Kf8 33. f4 Bc7 34. f5
Bxe5 35. fxe6 fxe6 36. d4 Bxg3 0-1